000 01487nam a22004457a 4500
001 000095383
003 CHAP
005 20240624101835.0
008 060313d2005 mx a r 00110 spa d
035 _a103387
040 _cCHAP
090 _aTesis
100 1 _aMoya García, José Luis.
_979190
245 1 0 _aProducción de tomate de cáscara (Physalis ixocarpa Brot.) en acolchado con microtúnel /
_c/por José Luis Moya García.
264 _aChapingo, Méx. :
_b El Autor,
_c2005.
300 _a45 h. :
_bilus.; gráfs.; cuadros.
336 _2rdacontenido
_atexto
_btxt
337 _2rdamedia
_asinmedio
_bn
338 _2rdacarrier
_avolumen
_bnc
502 _bIAES
_cSuelos
_d2005
_gLIC
590 _aALEPH
_b10
_c20130110
590 _aBATCH-UPD
_b10
_c20130110
590 _aBATCH-UPD
_b10
_c20130410
590 _aBATCH-UPD
_b10
_c20130913
590 _aBATCH-UPD
_b10
_c20140324
590 _aBATCH-UPD
_b10
_c20141002
590 _aCONVERSION
_b10
_c20130109
590 _aE12093SGE
_b10
_c20130627
650 1 4 _aAcolchado de suelos.
_9623
650 1 4 _aPlantas
_xMejoramiento.
_988849
650 1 4 _aTomate verde.
_9113796
650 1 4 _aTomate verde
_xPlántulas.
_9113828
856 _uhttp://10.13.5.2/tesis/98169.pdf
_zDESCARGAR PDF
905 _aElisama A. H.
942 _cTD
949 _aTesis
_bBC
_cTES
_d00000000103387
_eTS1
_h44359
_i103387
_sb
949 _aTesis
_bBC
_cTES
_d33724000969408
_eTS2
_fc.2
_h44360
_i103387
_si
999 _c91849
_d91849